00743nam a22001697a 4500008004100000040005500041080002500096245013700121250001300258260004900271300001500320650002700335653002700362942001300389999001700402952015400419230418b |||||||| |||| 00| 0 eng d aNational Science LibrarycNational Science Library aR 341.16:61(026)bN3 aHandbook of resolutions and decisions of the world health assembly and the executive board c/World Health Organization, Vol. III  a3rd ed.  aGeneva: bWorld Health Organizaiton, c1993  axv, 270p.  aWorld health assembly  aTechnical cooperation  2udccHDK c20497d20497 00102udc406R_3411661026_N370930078aNSLbNSLcGF/Rk-5/C-10/R-2d1993-09-26l0oR 341.16:61(026) N3p174022r2023-04-18 00:00:00w2023-04-18yHDK